L' educazione sessuale /

Guardat en:
Dades bibliogràfiques
Autor principal: Origlia, Dino (Autor)
Format: Llibre
Idioma:italià
Publicat: [Firenze : La Nuova Italia, 1964]
Etiquetes: Afegir etiqueta
Sense etiquetes, Sigues el primer a etiquetar aquest registre!

MARC

LEADER 00000nam a22000007i 4500
001 IT\ICCU\UBO\3460835
003 ItRI
005 20260115232244.0
008 080723s1964 it |||||| ||||| |||||c
040 |b ita  |c importazione bologna sebina 
041 7 |a ita  |2 ISO-639-2 
100 1 |a Origlia, Dino  |0 IT\ICCU\RAVV\055930  |4 aut 
245 1 3 |a L' educazione sessuale /  |c Dino Origlia. 
260 |a [Firenze :  |b La Nuova Italia,  |c 1964] 
300 |a P. 209-230 ;  |c 30 cm 
500 |a Estr. da: Scuola e città, aprile 1964, n. 4 
500 |a Fotocopia non editoriale. 
942 |2 ddc  |c BK  |n 0 
952 |0 0  |1 0  |4 0  |6 DOC_613_907000000000000_ORI  |7 0  |9 23026  |a BO  |b BO  |d 2026-01-15  |i 910  |l 0  |o DOC 613.907 ORI  |p BO910  |r 2026-01-15 23:22:44  |w 2026-01-15  |x [Sebina 7] [1 v.]  |y BK  |z 1 v. 
999 |c 19640  |d 19640